Aktuálne výzvy vedy a výskumu na Obchodnej fakulte Ekonomickej univerzity v Bratislave

Postavenie vedy a výskumu na Obchodnej fakulte EU a výsledky dosiahnuté v tejto oblasti činnosti, osobitne v rokoch 2001- 2009. Postavenie vedy a výskumu na OF EU. Ďalšie smerovanie a hlavné úlohy vedy a výskumu.

Salvato in:
Dettagli Bibliografici
Autore principale: Michalová, Valéria
Natura: Capitolo di libro
Lingua:slovacco
Soggetti:
Tags: Aggiungi Tag
Nessun Tag, puoi essere il primo ad aggiungerne!!

MARC

LEADER 00000nla$a2200000$$$4500
001 0120638
005 20240605121508.0
041 0 |a slo 
044 |a SK 
245 1 0 |a Aktuálne výzvy vedy a výskumu na Obchodnej fakulte Ekonomickej univerzity v Bratislave  |c Valéria Michalová 
520 |a Postavenie vedy a výskumu na Obchodnej fakulte EU a výsledky dosiahnuté v tejto oblasti činnosti, osobitne v rokoch 2001- 2009. Postavenie vedy a výskumu na OF EU. Ďalšie smerovanie a hlavné úlohy vedy a výskumu. 
610 2 0 |a univerzity 
610 2 0 |a Obchodná fakulta Ekonomickej univerzity v Bratislave 
610 2 0 |a výučba vedecká 
610 2 0 |a veda 
610 2 0 |a výskum 
610 2 0 |a projekty 
610 2 0 |a rozbory 
610 2 0 |a sebahodnotenie 
610 2 0 |a analýza swot 
100 1 |a Michalová, Valéria